000
00267nam a2200109Ia 4500
008
190906s9999||||xx |||||||||||||| ||und||
100
_a
S. Zeeshan Arshad
245
0
_a
Business Ethics in Pakistan
260
_a
New Jersey
_b
Thomson
_c
2006
300
_a
412
942
_c
BK
999
_c
6104
_d
6104